| 000 | 00555nam a2200217Ia 4500 | ||
|---|---|---|---|
| 003 | 0100 | ||
| 008 | 130303s9999 xx 000 0 und d | ||
| 040 | _cARRUPELIB | ||
| 050 | _aHQ1190.G371991 | ||
| 100 | _aGatens, Moira | ||
| 245 | _aFeminism and philosophy | ||
| 245 | _bperspectives on difference and equality | ||
| 260 | _aBloomington IN | ||
| 260 | _bIN UP | ||
| 260 | _C1991 | ||
| 300 | _a162p | ||
| 650 | _bDemocracy--Religious aspects | ||
| 650 | _cDemocracy--Moral and ethical aspects | ||
| 650 | _dReligious pluralism | ||
| 942 | 0 | 0 | _01 |
| 999 |
_c20092 _d20092 |
||